[Event "Stare Mesto op"]
[Site "Stare Mesto"]
[Date "2008.08.08"]
[Round "1"]
[White "Camarena Gimenez, Rufino"]
[Black "Solik, Rudolf"]
[Result "1-0"]
[WhiteElo "2416"]
[BlackElo "1896"]
[PlyCount "65"]
[EventDate "2008.08.08"]
[EventType "swiss"]
[EventRounds "10"]
[EventCountry "CZE"]
[SourceTitle "CBM 125 Extra"]
[Source "ChessBase"]
[SourceDate "2008.09.01"]
[SourceVersion "1"]
[SourceVersionDate "2008.09.01"]
[SourceQuality "1"]

1. d4 Nf6 2. c4 e6 3. g3 d5 4. Bg2 c5 5. cxd5 exd5 6. Nf3 Nc6 7. 0-0 Be7 8. Nc3 0-0 9. b3 h6 10. Bb2 Be6 11. dxc5 Bxc5 12. Rc1 a6 13. Na4 Be7 14. Nc5 Bxc5 15. Rxc5 Ne4 16. Rc1 Rc8 17. Nd4 Qd7 18. Nxc6 Rxc6 19. Qd4 Nf6 20. Rxc6 Qxc6 21. Rc1 Qd7 22. Qf4 Nh7 23. Rc7 Qd8 24. h4 b5 25. b4 Nf6 26. Bxf6 Qxf6 27. Qxf6 gxf6 28. Rc6 d4 29. Rxa6 Kg7 30. Rd6 Bxa2 31. Rxd4 Rc8 32. Bd5 Rd8 33. Rg4+ 1-0

[Event "SVK-ch U14"]
[Site "Liptovsky Mikulas"]
[Date "2007.04.24"]
[Round "4"]
[White "Solik, Rudolf"]
[Black "Sosovicka, Juraj"]
[Result "0-1"]
[WhiteElo "1632"]
[BlackElo "1964"]
[PlyCount "122"]
[EventDate "2007.04.22"]
[EventType "swiss"]
[EventRounds "9"]
[EventCountry "SVK"]
[SourceTitle "EXT 2008"]
[Source "ChessBase"]
[SourceDate "2007.11.25"]
[SourceVersion "1"]
[SourceVersionDate "2007.11.25"]
[SourceQuality "1"]

1. e4 c5 2. Nf3 Nc6 3. d4 cxd4 4. Nxd4 g6 5. Be3 Bg7 6. Nc3 Nf6 7. f3 0-0 8. Be2 d5 9. exd5 Nb4 10. Bc4 Nbxd5 11. Nxd5 Nxd5 12. Bxd5 Qxd5 13. c3 e5 14. Nc2 Be6 15. Qxd5 Bxd5 16. Kf2 b6 17. Nb4 Bb7 18. Rad1 Rad8 19. Rhe1 Rfe8 20. f4 e4 21. g3 f5 22. Nc2 Kf7 23. Nd4 Bxd4 24. Bxd4 Ba6 25. Ke3 Bd3 26. Rd2 Re6 27. b4 a6 28. h3 h5 29. Rg1 Rg8 30. g4 hxg4 31. hxg4 fxg4 32. Rh2 b5 33. Rh7+ Ke8 34. Rxg4 Re7 35. Rh6 Kf7 36. f5 g5 37. f6 Re6 38. Rh7+ Kg6 39. Rg7+ Rxg7 40. fxg7 Re8 41. Rg2 Rg8 42. Rg3 Re8 43. Rg2 Rg8 44. Rf2 Rxg7 45. Bxg7 Kxg7 46. Rf5 Kg6 47. Rf8 Kh5 48. Rh8+ Kg4 49. Ra8 Kh3 50. Rxa6 g4 51. Kf4 Kg2 52. Kxg4 e3 53. Re6 e2 54. a3 Kf2 55. Kf4 e1Q 56. Rxe1 Kxe1 57. Ke3 Bf1 58. Kd4 Kd2 59. c4 bxc4 60. b5 c3 61. b6 Bg2 0-1

[Event "SVK-ch U14"]
[Site "Brezova pod Bradlom"]
[Date "2006.03.09"]
[Round "8"]
[White "Mraz, Martin"]
[Black "Solik, Rudolf"]
[Result "0-1"]
[WhiteElo "1444"]
[BlackElo "1565"]
[PlyCount "28"]
[EventDate "2006.03.05"]
[EventType "swiss"]
[EventRounds "9"]
[EventCountry "SVK"]
[SourceTitle "EXT 2008"]
[Source "ChessBase"]
[SourceDate "2007.11.25"]
[SourceVersion "1"]
[SourceVersionDate "2007.11.25"]
[SourceQuality "1"]

1. e4 e5 2. Nf3 Nc6 3. d4 exd4 4. Bc4 Nf6 5. e5 Ne4 6. Qe2 Bb4+ 7. c3 dxc3 8. bxc3 Nxc3 9. Bxf7+ Kf8 10. Qc4 Nxb1+ 11. Kf1 Nd2+ 12. Bxd2 Bxd2 13. Nxd2 Nxe5 14. Qc5+ d6 0-1